Population ecology : a unified study of animals and plants
Αποθηκεύτηκε σε:
| Κύριος συγγραφέας: | |
|---|---|
| Άλλοι συγγραφείς: | |
| Μορφή: | Βιβλίο |
| Γλώσσα: | English |
| Δημοσίευση: |
Oxford :
Blackwell Scientific ,
c1994
|
| Έκδοση: | 2nd ed. |
| Θέματα: | |
| Ετικέτες: |
Προσθήκη ετικέτας
Δεν υπάρχουν, Καταχωρήστε ετικέτα πρώτοι!
|
MARC
| LEADER | 00000nam a2200000 i 4500 | ||
|---|---|---|---|
| 001 | 1/64136 | ||
| 008 | 930929s1994 eng d | ||
| 020 | |a 0-632-01443-1 | ||
| 035 | |l 10001333 | ||
| 040 | |a GR-MY-UA |b gre |e aacr | ||
| 041 | 0 | |a eng | |
| 082 | 0 | |a 574.5248 | |
| 100 | 1 | |a Begon, Michael. | |
| 245 | 1 | 0 | |a Population ecology : |b a unified study of animals and plants / |c Michael Begon; Martin Mortimer |
| 250 | |a 2nd ed. | ||
| 260 | |a Oxford : |b Blackwell Scientific , |c c1994 | ||
| 300 | |a 220 σ.; |b εικ.; |c 24 εκ. | ||
| 504 | |a Περιέχει βιβλιογραφικές παραπομπές και ευρετήριο | ||
| 650 | 0 | 0 | |a Population biology. |
| 650 | 0 | 0 | |a Ecology. |
| 700 | 1 | |a Mortimer, Martin. | |
| 852 | |a INST |b LESVOS |e 19940721 |h 574.5248 BEG |p 005100003751 |q 005100003751 |t BK |y 0 | ||
| 852 | |a INST |b LESVOS |e 19930929 |h 574.5248 BEG |p 005100005785 |q 005100005785 |t BK |y 0 | ||
| 909 | |a Λ |b 025176 | ||